000 00670nam a22001337a 4500
040 _cRUA
082 _aAED KON 2018 B650 Or.1
100 _aKONG NAROTH គង់ ណារ៉ូត
245 _athe study on keo lomeat mango marketing in peamouknhaong commune lvea em dristric, kandal province ការសិក្សារអំពីបណ្តាញទីផ្សារផលិតផលស្វាយកែវល្មៀយនៅឃុំពាមឧកញ្ញ៉ាអុង ស្រុកល្វាឯម ខេត្តកណ្តាល
260 _aRUA
_bPhnom penh
_c2018
300 _axi;49p
_bill;
_c29cm
856 _uKONG NAROTH
942 _cAED
999 _c18350
_d18350